000 00957nam a2200277 i 4500
001 5950
003 ES-MaACL
005 20250830052203.0
007 t|
008 890616s1988 sp |||| | spa d
020 _a84-7658-097-5
080 _a860-14.09"19"
100 1 _aDíez de Revenga, Francisco Javier,
_d1946-
_944713
245 1 0 _aPoesía de senectud
_b: Guillén, Diego, Aleixandre, Alonso y Alberti en sus mundos poéticos terminales /
_cFrancisco Javier Díez de Revenga.
250 _a1ª ed.
260 _aBarcelona :
_bAnthropos,
_c1988.
300 _a286 p. ;
_c20 cm.
490 1 _aÁmbitos literarios. Ensayo ;
_v23
500 _aPremio Ámbito Literario de Ensayo 1988.
504 _aBibliografía: p. 281-284.
650 4 _aPoesía española-
_yS.XX-
_xHistoria y crítica.
_916167
830 0 0 _aÁmbitos literarios.
_pEnsayo
_v23
_9236239
852 _aES-MaACL
_jL-13035
942 _2udc
999 _c5950
_d5950